Texas Review of Law & Politics

Detalles Bibliográficos
Formato: Desconocido
Lenguaje:inglés
Publicado: Texas : University of Texas, Austin, School of Law Publications, Inc.
Materias:
Acceso en línea:Acceso restringido

MARC

LEADER 00000ny a22000003n 4500
005 2011051208448.0
008 071017c19uu9999us br pss 0 a0eng d
022 |a 1098-4577 
035 |a 4055 
040 |a BUS  |d vLex 
090 |c 1809  |d 1809 
245 0 0 |a Texas Review of Law & Politics  |h [Recurso electrn̤ico] 
246 3 |a Texas Review of Law and Politics  
256 |a Servicio en ln̕ea 
260 |a Texas :  |b University of Texas, Austin, School of Law Publications, Inc.  
310 |a Semestral 
506 1 |a Contenido solo disponible en los productos indicados  |d vLex Global  |d vLex Global (Academic Edition, excluding Law Schools)  |d vLex Global (U.S. Academic Edition, excluding Law Schools) 
650 0 4 |a Derecho y polt̕ica  |x Publicaciones perid̤icas 
650 0 4 |a Law and society 
740 0 |a vLex Revista (Servicios en ln̕ea) 
843 |a Electrn̤ica. Abierta 
853 |8 1  |i (year)  |j (month)  |k (day) 
856 4 0 |u http://vlex.com/source/4055  |z Acceso restringido 
942 |c REV